00726cam a2200205 a 4500020001700000041000800017082001300025100001800038245005400056260005600110300001800166500014100184500002000325650001100345650001900356700002000375942000700395952010100402999001700503 a0520039238 : aENG00a294bDON aDoniger Wendy00aKarma and rebirth in classical Indian traditions  aBerkeley :bUniversity of California Press,cc1980. axxv, 342 p. ; aPapers from two conferences, the first held near Seattle, Wash., Oct. 22-23, 1976, and the second in Pasadena, Calif., Jan. 26-29, 1978. aIncludes index. 0aKarma. 0aReincarnation.1 aDoniger, Wendy. cBK 00104070aHMIbHMIcGENd2019-10-09l1o294 DONp25613r2022-10-03s2022-09-28w2019-10-09yBK c22733d22733